Entry Personal Name
Number of records used in: 1
001 - CONTROL NUMBER
003 - CONTROL NUMBER IDENTIFIER
005 - DATE AND TIME OF LATEST TRANSACTION
- control field:
20230925113451.0
008 - FIXED-LENGTH DATA ELEMENTS
- fixed length control field:
080111n| acannaabn |n aaa c
010 ## - LIBRARY OF CONGRESS CONTROL NUMBER
- LC control number:
no2008005755
035 ## - SYSTEM CONTROL NUMBER
- System control number:
(OCoLC)oca07626888
040 ## - CATALOGING SOURCE
- Original cataloging agency:
NmU
- Language of cataloging:
eng
- Transcribing agency:
NmU
100 1# - HEADING--PERSONAL NAME
- Personal name:
Bekir, Esmat
670 ## - SOURCE DATA FOUND
- Source citation:
Introduction to modern navigation systems, c2007:
- Information found:
t.p. (Esmat Bekir) p. 4 of cover (Dr.; M. Sc. (1972) and Ph. D. (1975), Univ. of So. Calif.; worked in U.S. aerospace industry 30 yrs.; independent consultant)